000 00658nam a2200217Ia 4500
001 15577
003 GE_BSU
008 181216s||||||||xx |||||||||||||| ||und||
040 _cGE_BSU
080 _a821.353.1-1 + 821.353.1-32
100 _aწერეთელი, აკაკი
245 _aერთობა ჩვენთვის ტახტია
245 _bკრებული
260 _aთბილისი
260 _bნაკადული
260 _c1991
300 _a448გვ.20სმ.
653 _aერთობა ჩვენთვის ტახტია
653 _aკრებული
942 _cBK
999 _c48677
_d48677